[Event "It (open)"]
[Site "masterchessopen.com - Polanica Zdroj (Poland)"]
[Round "5"]
[White "Goj Artur (POL)"]
[Black "Zubarev Alexander (RUS)"]
[Result "0-1"]
[WhiteElo "2280"]
[BlackElo "2074"]

1.d4 Nf6 2.c4 e6 3.g3 c5 4.d5 d6 5.Nc3 exd5 6.cxd5 g6 7.Bg2 Bg7 8.Nf3 O-O
9.O-O a6 10.a4 Re8 11.Bf4 h6 12.Qc1 Kh7 13.Re1 g5 14.Bd2 Bg4 15.h4 gxh4
16.Nxh4 Re5 17.f3 Bc8 18.Bf4 Rh5 19.Qc2+ Kh8 20.e4 Rxh4 21.gxh4 Nh5 22.Be3 Be5
23.Ne2 Qxh4 24.f4 Bh3 25.Bxh3 Qxh3 26.Kf2 Bf6 {#R} 0-1

[Event "Ch Canada (open)"]
[Site "masterchessopen.com - Sackville (Canada)"]
[Round "10"]
[White "Gurevich Artjom (CAN)"]
[Black "Bluvshtein Mark (CAN)"]
[Result "0-1"]
[WhiteElo "2196"]
[BlackElo "2357"]

1.Nf3 Nf6 2.d4 e6 3.c4 c5 4.d5 exd5 5.cxd5 d6 6.Nc3 g6 7.g3 Bg7 8.Bg2 O-O
9.O-O a6 10.a4 Nbd7 11.Bf4 Qc7 12.Re1 Rb8 13.e4 Nh5 14.Bc1 b5 15.axb5 axb5
16.Bf1 b4 17.Nb5 Qb6 18.g4 Nhf6 19.Bf4 Ne8 20.Qc2 f5 {#R} 0-1

[Event "Cup Governor's"]
[Site "masterchessopen.com - Sioux Falls (USA)"]
[Round "5"]
[White "Wojtkiewicz Aleksander (USA)"]
[Black "Kustar Sandor (HUN)"]
[Result "1-0"]
[WhiteElo "2573"]
[BlackElo "2425"]

1.c4 Nf6 2.d4 e6 3.g3 c5 4.d5 exd5 5.cxd5 d6 6.Nc3 g6 7.Nf3 Bg7 8.Bg2 O-O
9.O-O Re8 10.h3 a6 11.a4 Nbd7 12.Bf4 Qc7 13.Rc1 Nh5 14.Bd2 Rb8 15.Kh2 Nb6
16.b3 Bd7 17.e4 Nc8 18.Be3 Nf6 19.Nd2 b5 20.b4 c4 21.Nf3 Ne7 22.Qd2 Bc8 23.a5
Qd8 24.Bf4 Bb7 25.Rfe1 Rc8 26.Rcd1 Ba8 27.Nd4 Qd7 28.Bh6 Bh8 29.f4 Rcd8 30.Rf1
Qa7 31.Bg5 Qc7 32.f5 Nd7 33.f6 Nc8 34.Ne6 Qa7 35.Be3 Qb7 36.Bd4 Ne5 37.Nxd8
Rxd8 38.Qh6 {#r} 1-0

[Event "Cup Rilton"]
[Site "masterchessopen.com - Stockholm (Sweden)"]
[Round "5"]
[White "Olausson Claes Goran (SWE)"]
[Black "Ernst Thomas (SWE)"]
[Result "0-1"]
[WhiteElo "2272"]
[BlackElo "2436"]

1.d4 Nf6 2.Nf3 e6 3.c4 c5 4.d5 d6 5.Nc3 exd5 6.cxd5 g6 7.g3 Bg7 8.Bg2 O-O
9.Nd2 Nbd7 10.Nc4 Nb6 11.Ne3 Bd7 12.a4 a6 13.O-O Re8 14.h3 Rb8 15.Kh2 h5
16.Qb3 h4 17.g4 Nc8 18.Nc4 b5 19.axb5 axb5 20.Na5 Qc7 21.g5 Nh5 22.Bd2 b4
23.Ne4 Bf5 24.Qc4 Nb6 25.Qc2 Nxd5 26.e3 Nb6 27.Kg1 Rbc8 28.Rac1 Qd7 29.Nc4
Nxc4 30.Qxc4 d5 {#R} 0-1

[Event "It (open)"]
[Site "masterchessopen.com - Zaragoza (Spain)"]
[Round "4"]
[White "Gosset Arnaud (FRA)"]
[Black "Glavina Pablo (ARG)"]
[Result "0-1"]
[WhiteElo "2075"]
[BlackElo "2417"]

1.d4 Nf6 2.c4 c5 3.d5 e6 4.Nc3 exd5 5.cxd5 d6 6.Nf3 g6 7.g3 Bg7 8.Bg2 O-O
9.O-O a6 10.a4 Re8 11.Bf4 Nh5 12.Bg5 Qc7 13.Re1 Nd7 14.e4 Rb8 15.Bf1 Ne5
16.Nxe5 Bxe5 17.h3 Bd7 18.a5 b5 19.axb6 Rxb6 20.Bd2 Reb8 21.Na4 Bxa4 22.Rxa4
Qd7 23.b3 Rxb3 24.Rxa6 Nxg3 25.fxg3 Rxg3+ 26.Kf2 Qe7 27.Re3 Qh4 28.Ke2 Qh5+
29.Ke1 Rxe3+ 30.Bxe3 Bg3+ 31.Kd2 Rb2+ {#R} 0-1

[Event "Ch City (open)"]
[Site "masterchessopen.com - Nittenau (Germany)"]
[Round "0"]
[White "Ramin Michael (GER)"]
[Black "Stefanov Parik (ROM)"]
[Result "0-1"]
[WhiteElo "2098"]
[BlackElo "2333"]

1.d4 e6 2.c4 c5 3.d5 exd5 4.cxd5 d6 5.Nc3 g6 6.g3 Bg7 7.Bg2 Nf6 8.Nf3 O-O
9.O-O a6 10.a4 Nbd7 11.Bf4 Qc7 12.Nd2 Nh5 13.Bg5 h6 14.Be3 Ne5 15.f3 f5 16.Bf2
Bd7 17.Qb3 Rab8 18.a5 b5 19.axb6 Rxb6 20.Qc2 Rfb8 21.b3 c4 22.Bxb6 Qxb6+
23.Kh1 cxb3 24.Qd1 Qb4 25.Ncb1 a5 26.Ra3 a4 27.f4 Ng4 28.Rf3 Bb2 29.h3 Nxg3+
{#R} 0-1

[Event "It (open)"]
[Site "masterchessopen.com - Adelaide (Australia)"]
[Round "4"]
[White "Rogers Ian (AUS)"]
[Black "Scott Ronald (AUS)"]
[Result "1-0"]
[WhiteElo "2569"]
[BlackElo "2262"]

1.d4 Nf6 2.c4 e6 3.g3 c5 4.d5 exd5 5.cxd5 d6 6.Nc3 g6 7.Bg2 Bg7 8.Nf3 O-O
9.O-O Na6 10.Nd2 Nc7 11.Nc4 b5 12.Nxd6 Qxd6 13.Bf4 Qa6 14.Bxc7 Bb7 15.e4 Nd7
16.Re1 Ne5 17.Bf1 c4 18.a4 b4 19.Nb5 Qf6 20.f4 Nd3 21.Bxd3 cxd3 22.Qxd3 Ba6
23.Be5 Qb6+ 24.Qd4 Qxd4+ 25.Nxd4 Bxe5 26.fxe5 Rfe8 27.e6 Rac8 28.Rac1 Rc4
29.Rxc4 Bxc4 30.Rc1 Bd3 31.d6 fxe6 32.d7 Rd8 33.Rc8 {#r} 1-0

[Event "Ch Asian Cities (team)"]
[Site "masterchessopen.com - Aden (Yemen)"]
[Round "6"]
[White "Mahmud Syarif (INA)"]
[Black "Antonio Rogelio Jr (PHI)"]
[Result "0-1"]
[WhiteElo "2347"]
[BlackElo "2521"]

1.d4 c5 2.d5 d6 3.c4 e6 4.Nc3 exd5 5.cxd5 g6 6.g3 Bg7 7.Bg2 Nf6 8.Nf3 O-O
9.Nd2 Nfd7 10.O-O f5 11.Nc4 Ne5 12.Nxe5 Bxe5 13.Bd2 Nd7 14.Rb1 b6 15.Bh6 Re8
16.Qd2 Bf6 17.e4 Ne5 18.Rfe1 a6 19.b4 Nf7 20.Bf4 b5 21.exf5 Bxf5 22.Rxe8+ Qxe8
23.Re1 Qf8 24.Ne4 Bg7 25.Qe2 cxb4 26.h4 Bd7 27.h5 Bh8 28.Qd2 Bf5 29.Ng5 Nxg5
30.Bxg5 Re8 31.Rxe8 Qxe8 32.Qxb4 Be5 33.Kh2 Qd7 34.Be3 Kf7 35.Qd2 Qe7 36.Bd4
Qh4+ {#R} 0-1

[Event "It (cat.8)"]
[Site "masterchessopen.com - Alushta (Ukraine)"]
[Round "11"]
[White "Nikitin Andrey (RUS)"]
[Black "Murashko Vyacheslav L (UKR)"]
[Result "1-0"]
[WhiteElo "2457"]
[BlackElo "2309"]

1.d4 Nf6 2.c4 c5 3.d5 e6 4.Nc3 exd5 5.cxd5 d6 6.Nf3 g6 7.g3 Bg7 8.Bg2 O-O
9.O-O Re8 10.Bf4 Nh5 11.Bg5 Qb6 12.Qc2 Bd7 13.Nd2 f6 14.Be3 f5 15.Bf3 f4
16.gxf4 Nf6 17.b4 Ng4 18.Bxg4 Bxg4 19.Rab1 Rxe3 20.fxe3 cxb4 21.Nc4 Qc5 22.Ne4
Qxd5 23.Ncxd6 Qe6 24.Rxb4 Bf8 25.Qb3 Qxb3 26.Rxb3 Bxd6 27.Nxd6 b6 28.Kf2 Nd7
29.e4 Nc5 30.Rg3 Be6 31.a3 Rd8 32.e5 Kf8 33.Ke3 Ke7 34.f5 Bxf5 35.Nxf5+ gxf5
36.Rxf5 Ke6 37.Rh5 {#r} 1-0

[Event "Ch Europe (juniors) (under 20)"]
[Site "masterchessopen.com - Baku (Azerbaijan)"]
[Round "1"]
[White "Loetscher Roland (SUI)"]
[Black "Gashimov Vugar (AZE)"]
[Result "0-1"]
[WhiteElo "2367"]
[BlackElo "2579"]

1.d4 Nf6 2.c4 e6 3.g3 c5 4.d5 exd5 5.cxd5 d6 6.Nc3 g6 7.Bg2 Bg7 8.Nf3 O-O
9.Nd2 a6 10.a4 Nbd7 11.Nc4 Nb6 12.Ne3 Bd7 13.O-O Rb8 14.Rb1 Ne8 15.Bd2 Bxc3
16.bxc3 Nxa4 17.Nc2 f5 18.e4 Nf6 19.Re1 fxe4 20.Bxe4 Bg4 21.Qc1 Nxe4 22.Rxe4
Qd7 23.Ne3 Bf3 24.Rh4 b5 25.Qc2 Nb6 26.Qd3 Rbe8 27.Ra1 Nc4 28.Nxc4 Be2 29.Qc2
Bxc4 30.Rxa6 Re2 31.f4 Bxd5 32.Qd3 Rg2+ 33.Kf1 Bc4 {#R} 0-1

[Event "Olympiad (w)"]
[Site "masterchessopen.com - Bled (Slovenia)"]
[Round "6"]
[White "Melnik Galina (RUS)"]
[Black "Brokko-Olde Margit (EST)"]
[Result "1-0"]
[WhiteElo "2101"]
[BlackElo "2133"]

1.d4 Nf6 2.c4 c5 3.d5 e6 4.Nc3 exd5 5.cxd5 g6 6.g3 Bg7 7.Bg2 d6 8.Nf3 O-O
9.O-O Re8 10.Nd2 Na6 11.e4 Nc7 12.a4 b6 13.Re1 Qe7 14.Nc4 Ba6 15.Na3 Qd7 16.f4
Rad8 17.h3 Re7 18.Nab5 Nxb5 19.axb5 Bxb5 20.e5 dxe5 21.fxe5 Rde8 22.Bf4 Nh5
23.d6 Re6 24.Nxb5 Qxb5 25.Rxa7 c4 26.Bd5 Qxb2 27.Bxc4 Qc3 28.Bxe6 fxe6 29.Re3
Qc4 30.Rc7 Qb5 31.d7 Rd8 32.Rc8 {#r} 1-0

[Event "Olympiad (w)"]
[Site "masterchessopen.com - Bled (Slovenia)"]
[Round "12"]
[White "Sharevich Anna (BLR)"]
[Black "Meza Anahi (ARG)"]
[Result "1-0"]
[WhiteElo "2264"]
[BlackElo "2085"]

1.d4 Nf6 2.c4 c5 3.d5 e6 4.Nf3 exd5 5.cxd5 d6 6.g3 g6 7.Bg2 Bg7 8.Nc3 O-O
9.O-O b6 10.e4 Bg4 11.h3 Bxf3 12.Bxf3 a6 13.a4 Nbd7 14.Bg2 Rb8 15.Qe2 Qc7
16.Qxa6 c4 17.Be3 Ne5 18.Nb5 Qe7 19.Nd4 Rfc8 20.Qb5 Rc5 21.Qb4 Nd3 22.Qa3 Nxe4
23.b4 cxb3 24.Qxb3 Nexf2 25.Bxf2 Nxf2 26.Nc6 Qg5 27.h4 Qg4 28.Nxb8 Rc3 29.Qb5
Bd4 30.Rxf2 Bxf2+ 31.Kxf2 Qd4+ 32.Kf1 Rc2 33.Qe8+ Kg7 34.Qe1 Qc4+ 35.Kg1 Re2
36.Qf1 {#r} 1-0

[Event "It (open) \"]
[Site "masterchessopen.com - Copenhagen (Denmark)"]
[Round "10"]
[White "Abdagic Edib (DEN)"]
[Black "Tidman Sophie E (ENG)"]
[Result "0-1"]
[WhiteElo "1991"]
[BlackElo "2129"]

1.d4 Nf6 2.c4 e6 3.Nf3 c5 4.d5 d6 5.Nc3 exd5 6.cxd5 g6 7.g3 Bg7 8.Bg2 O-O
9.O-O a6 10.a4 b6 11.Nd2 Qe7 12.Nc4 Nbd7 13.Bf4 Ne8 14.Ne4 Ne5 15.Nxb6 Rb8
16.Nxc8 Rxc8 17.Qc1 Ng4 18.h3 Ngf6 19.Nc3 Bh8 20.Bh6 Ng7 21.Bg5 Rfd8 22.Ne4
Nge8 23.Qc4 Rb8 24.Qxa6 Qe5 25.Qd3 Rb4 26.Nxf6+ Nxf6 27.f4 Qe8 28.b3 Rdb8
29.Rab1 Rd4 30.Qc2 Qe3+ 31.Kh2 Rd2 32.Qc4 Rxe2 33.Qc1 Qe4 34.Rg1 Nxd5 35.Kh1
Rxg2 36.Rxg2 Ne3 37.Qg1 Nxg2 {#R} 0-1

[Event "Ch Cuba (w)"]
[Site "masterchessopen.com - Cuba"]
[Round "6"]
[White "Ramon Vivian (CUB)"]
[Black "Hernandez Tania (CUB)"]
[Result "1-0"]
[WhiteElo "2242"]
[BlackElo "2250"]

1.d4 c5 2.d5 e6 3.c4 exd5 4.cxd5 Nf6 5.Nc3 d6 6.g3 g6 7.Bg2 Bg7 8.Nf3 O-O
9.O-O Na6 10.Nd2 Nc7 11.Nc4 b5 12.Nxd6 Qxd6 13.Bf4 Qb6 14.d6 Bb7 15.Bxb7 Qxb7
16.dxc7 Rfe8 17.a4 bxa4 18.Qxa4 Qc8 19.Qc6 Nh5 20.Be3 Bxc3 21.bxc3 Re7 22.Qxc5
Rxc7 23.Qe5 f6 24.Qd5+ Kh8 25.Bd4 Qf8 26.Ra6 Rd8 27.Qf3 Rxd4 28.cxd4 f5
29.Rfa1 Qb8 30.Qd5 Ng7 31.Rd6 Rc8 32.Rd7 {#r} 1-0

[Event "Ukrainian Games (youth)"]
[Site "masterchessopen.com - Evpatoria (Ukraine)"]
[Round "5"]
[White "Gordenko Dmitry (UKR)"]
[Black "Andreev Eduard (UKR)"]
[Result "0-1"]
[WhiteElo "2345"]
[BlackElo "2471"]

1.d4 Nf6 2.c4 e6 3.g3 c5 4.d5 exd5 5.cxd5 d6 6.Nc3 g6 7.Bg2 Bg7 8.Nf3 O-O
9.O-O Na6 10.Re1 Nc7 11.a4 Bg4 12.h3 Bxf3 13.Bxf3 Nd7 14.e4 a6 15.Be2 b6
16.Be3 Re8 17.Qc2 Rb8 18.Nd1 Qc8 19.Bd2 Nf6 20.Bf1 Nd7 21.Rb1 h5 22.Kg2 b5
23.b4 bxa4 24.Qxa4 Nb5 25.Bxb5 axb5 26.Qb3 c4 27.Qc2 Ne5 28.Nb2 h4 29.g4 Nxg4
30.Bc3 Nf6 31.Nd1 Nh5 32.Qd2 Qd8 33.Bxg7 Kxg7 34.f4 Qf6 35.Kf3 Ra8 36.Qc3 Re5
37.Qe3 Rg5 {#R} 0-1

[Event "It (open) \"]
[Site "masterchessopen.com - Gausdal (Norway)"]
[Round "3"]
[White "Johansson Per (SWE)"]
[Black "Lie Kjetil A (NOR)"]
[Result "0-1"]
[WhiteElo "2016"]
[BlackElo "2430"]

1.d4 Nf6 2.Nf3 e6 3.c4 c5 4.d5 exd5 5.cxd5 d6 6.Nc3 g6 7.g3 Bg7 8.Bg2 O-O
9.O-O Re8 10.Nd2 Ng4 11.Nc4 Ne5 12.Nxe5 Bxe5 13.e4 f5 14.exf5 Bxf5 15.Be3 Na6
16.a3 Qd7 17.Qd2 b5 18.Ne2 b4 19.Nf4 Rab8 20.Nd3 Bf6 21.axb4 Nxb4 22.Nxb4 Rxb4
23.Ra2 Reb8 24.Bf4 Rxb2 25.Rxb2 Rxb2 26.Qa5 c4 27.Be3 c3 28.Qxa7 Qxa7 29.Bxa7
c2 30.Be3 Rb1 {#R} 0-1

[Event "Bayern Regionalliga Northeast 2001/02"]
[Site "masterchessopen.com - Germany"]
[Round "8"]
[White "Weiss Michael (GER)"]
[Black "Konsek Peter (GER)"]
[Result "0-1"]
[WhiteElo "2014"]
[BlackElo "2095"]

1.d4 Nf6 2.c4 c5 3.d5 e6 4.Nc3 exd5 5.cxd5 d6 6.Nf3 g6 7.g3 Bg7 8.Bg2 O-O
9.O-O Re8 10.Re1 a6 11.a4 Ne4 12.Bd2 Nxd2 13.Nxd2 Nd7 14.Qc2 Ne5 15.h3 g5
16.e4 b6 17.Re2 Rb8 18.f4 gxf4 19.gxf4 Ng6 20.Rf1 Qh4 21.Nf3 Qxf4 22.Ref2 Rb7
23.Kh1 Qh6 24.Ng1 Ne5 25.Qe2 c4 26.Rd1 Bg4 27.Bf3 Nxf3 28.Nxf3 Qxh3+ 29.Kg1
Kh8 30.Rdf1 Bd4 31.Ng5 Qg3+ 32.Kh1 Bxe2 {#R} 0-1

[Event "Bundesliga 2002/03 (w)"]
[Site "masterchessopen.com - Germany"]
[Round "3"]
[White "Kachiani-G Ketino (GER)"]
[Black "Radziewicz Iweta (POL)"]
[Result "1-0"]
[WhiteElo "2446"]
[BlackElo "2433"]

1.d4 c5 2.d5 e6 3.c4 exd5 4.cxd5 d6 5.Nc3 g6 6.g3 Bg7 7.Bg2 Nf6 8.Nf3 O-O
9.O-O b6 10.Bf4 Bg4 11.h3 Bxf3 12.Bxf3 Ne8 13.Qc1 Qd7 14.Kg2 Na6 15.Bh6 f5
16.e4 Nb4 17.Bxg7 Nxg7 18.Be2 fxe4 19.Nxe4 Qf5 20.Nc3 Nd3 21.Qd2 Ne5 22.f4 Nd7
23.Bg4 Qf7 24.Rae1 Nf6 25.Be6 Nxe6 26.Rxe6 Rad8 27.f5 Ne8 28.f6 Rd7 29.Ne4 Kh8
30.Ng5 Qg8 31.Rxe8 {#r} 1-0

[Event "Cup Russia (w)"]
[Site "masterchessopen.com - Kopejsk (Russia)"]
[Round "9"]
[White "Shumiakina Tatiana (RUS)"]
[Black "Fatalibekova Elena (RUS)"]
[Result "1-0"]
[WhiteElo "2364"]
[BlackElo "2276"]

1.d4 g6 2.c4 Bg7 3.Nc3 c5 4.d5 Nf6 5.Nf3 d6 6.g3 e6 7.Bg2 exd5 8.cxd5 O-O
9.O-O Re8 10.Bf4 Nh5 11.Bg5 Qb6 12.Qc1 Nd7 13.Re1 a6 14.Rb1 Ne5 15.Nxe5 Bxe5
16.Bd2 Bd7 17.h3 Bd4 18.e3 Bg7 19.g4 Nf6 20.e4 Bb5 21.Qc2 Re7 22.Be3 Qa5 23.a4
Be8 24.Bf4 Qc7 25.Bg3 Nd7 26.f4 g5 27.fxg5 Ne5 28.Nd1 Qa5 29.Ne3 Bxa4 30.b3
Bb5 31.Nf5 Qd8 {#r} 1-0

[Event "It (open)"]
[Site "masterchessopen.com - Las Vegas (USA)"]
[Round "4"]
[White "Vucic Mladen (USA)"]
[Black "Brownscombe Tom (USA)"]
[Result "1-0"]
[WhiteElo "2396"]
[BlackElo "2199"]

1.d4 Nf6 2.c4 e6 3.Nf3 c5 4.d5 exd5 5.cxd5 d6 6.Nc3 g6 7.g3 Bg7 8.Bg2 O-O
9.O-O Re8 10.Bf4 a6 11.a4 h6 12.h3 g5 13.Bc1 Bf5 14.Nd2 Nbd7 15.Nc4 Qc7 16.g4
Bg6 17.f4 gxf4 18.Bxf4 Bf8 19.Qd2 Kh7 20.Bg3 Rab8 21.a5 Ng8 22.h4 f6 23.h5 Bf7
24.Ne4 Ne5 25.Bxe5 fxe5 26.Rf5 Rbd8 27.Raf1 Rd7 28.g5 {#r} 1-0

[Event "It (open)"]
[Site "masterchessopen.com - Ljubljana (Slovenia)"]
[Round "2"]
[White "Cooke Eric (USA)"]
[Black "Sax Gyula (HUN)"]
[Result "0-1"]
[WhiteElo "2210"]
[BlackElo "2511"]

1.d4 Nf6 2.c4 c5 3.d5 e6 4.Nc3 exd5 5.cxd5 d6 6.Nf3 g6 7.g3 Bg7 8.Bg2 O-O
9.O-O Re8 10.Bf4 Nh5 11.Bg5 Qb6 12.Rb1 Nd7 13.Re1 a6 14.h3 Qc7 15.a4 Rb8
16.Rc1 b5 17.axb5 axb5 18.b4 Qb6 19.e4 cxb4 20.Na2 Nxg3 21.Rc6 Qa5 22.fxg3
Qxa2 23.Rxd6 Ne5 24.Bf4 Qa7+ 25.Kh2 Qe7 26.Nxe5 Bxe5 27.Rc6 Bd7 28.Ra6 {#R}
0-1

[Event "It (b)"]
[Site "masterchessopen.com - Rosny Sous Bois (France)"]
[Round "9"]
[White "Blondel Denis (FRA)"]
[Black "Cossin Sebastien (FRA)"]
[Result "0-1"]
[WhiteElo "2082"]
[BlackElo "2271"]

1.d4 Nf6 2.c4 e6 3.Nf3 c5 4.d5 exd5 5.cxd5 d6 6.Nc3 g6 7.g3 Bg7 8.Bg2 O-O
9.O-O Na6 10.Nd2 Nc7 11.Nc4 Re8 12.Bf4 Bf8 13.a4 b6 14.Re1 Ba6 15.b3 Nh5
16.Bc1 Bg7 17.Bb2 f5 18.Qc2 Qd7 19.Rad1 Re7 20.Bc1 Rf8 21.Bf3 f4 22.Bxh5 gxh5
23.Bxf4 Rxf4 24.gxf4 Qg4+ 25.Kh1 Qxf4 26.Rg1 Kh8 27.Rd3 Bxc4 28.bxc4 Qxc4
29.Qd2 Ne8 30.Nb5 Qxa4 31.Nc3 Qh4 32.Qg5 Qxg5 33.Rxg5 c4 34.Rdg3 a6 35.Rxh5 b5
36.f3 Bxc3 {#R} 0-1

[Event "Cup Itau (open)"]
[Site "masterchessopen.com - Sao Paulo (Brazil)"]
[Round "4"]
[White "Mikhalevski Victor (ISR)"]
[Black "Rocha Wellington Carlos (BRA)"]
[Result "1-0"]
[WhiteElo "2536"]
[BlackElo "2419"]

1.d4 Nf6 2.Nf3 c5 3.d5 e6 4.c4 exd5 5.cxd5 d6 6.Nc3 g6 7.g3 Bg7 8.Bg2 O-O
9.O-O Bd7 10.a4 Na6 11.Nd2 Nb4 12.Nc4 Ne8 13.Bf4 g5 14.Bxd6 Nxd6 15.Nxd6 b6
16.a5 Qf6 17.Nde4 Qg6 18.Qd2 h6 19.axb6 axb6 20.Rxa8 Rxa8 21.f4 f5 22.Nf2 gxf4
23.Qxf4 Nc2 24.e4 Re8 25.Bh3 Bd4 26.Bxf5 Bxf5 27.exf5 Qf7 28.Nb5 Re5 29.Nxd4
Nxd4 30.Ng4 Ne2+ 31.Kh1 Qxd5+ 32.Qf3 Qxf3+ 33.Rxf3 Re7 34.f6 Re6 35.Nxh6+ Kf8
36.g4 Nd4 37.Rf1 {#r} 1-0

[Event "Cup Rilton"]
[Site "masterchessopen.com - Stockholm (Sweden)"]
[Round "8"]
[White "Aaberg Anton (SWE)"]
[Black "Yakovich Yuri (RUS)"]
[Result "1-0"]
[WhiteElo "2404"]
[BlackElo "2579"]

1.d4 Nf6 2.c4 e6 3.g3 c5 4.d5 exd5 5.cxd5 d6 6.Nc3 g6 7.Bg2 Bg7 8.Nf3 O-O
9.O-O a6 10.a4 Nbd7 11.e4 Re8 12.Re1 c4 13.Be3 Ng4 14.Bd4 Nde5 15.Rf1 Bd7
16.Ne1 g5 17.Qd2 h6 18.a5 f5 19.f4 gxf4 20.gxf4 Ng6 21.Bxg7 Kxg7 22.h3 Nf6
23.Qd4 Kf7 24.Nf3 Nxe4 25.Ne5+ dxe5 26.fxe5 Rxe5 27.Nxe4 Qh4 28.Nd6+ Kg7
29.Rad1 Qxd4+ 30.Rxd4 Rf8 31.Rxc4 Bb5 32.Rc7+ Kf6 33.Rf2 Nh4 34.Bh1 Re1+
35.Kh2 Ra1 36.Nxb5 axb5 37.b4 Rg8 {#r} 1-0

[Event "It (open)"]
[Site "masterchessopen.com - Villa Martelli (Argentina)"]
[Round "3"]
[White "Doval Oscar (ARG)"]
[Black "Quiroga Facundo (ARG)"]
[Result "0-1"]
[WhiteElo "1838"]
[BlackElo "2356"]

1.d4 Nf6 2.c4 c5 3.d5 e6 4.Nc3 exd5 5.cxd5 d6 6.g3 g6 7.Bg2 Bg7 8.Nf3 O-O
9.O-O Re8 10.h3 a6 11.a4 Ne4 12.Nxe4 Rxe4 13.Ne1 Re8 14.Nf3 Nd7 15.Nd2 Rb8
16.Nc4 Ne5 17.Nxe5 Bxe5 18.a5 b5 19.axb6 Qxb6 20.Qa4 Qb5 21.Qc2 Bxb2 22.Bxb2
Qxb2 23.Qa4 Qb5 24.Qf4 Qd7 25.Rad1 Rb5 26.e4 Qe7 27.Rc1 Rb4 28.Qd2 a5 29.f4
Bd7 30.Qa2 a4 31.Rfe1 Reb8 {#R} 0-1

[Event "Ch Georgia (1 Liga)"]
[Site "masterchessopen.com - Tbilisi (Georgia)"]
[Date "2002.04.30"]
[Round "6"]
[White "Matnadze Ana (GEO)"]
[Black "Pantsulaia Levan (GEO)"]
[Result "1-0"]
[WhiteElo "2392"]
[BlackElo "2457"]

1.d4 Nf6 2.c4 c5 3.d5 e6 4.g3 exd5 5.cxd5 d6 6.Nc3 g6 7.Bg2 Bg7 8.Nf3 O-O
9.O-O a6 10.a4 Nbd7 11.Bf4 Qe7 12.h3 Rb8 13.a5 b5 14.axb6 Nxb6 15.e4 Nc4
16.Qe2 Rb4 17.Na2 Qxe4 18.Qxe4 Nxe4 19.Nxb4 cxb4 20.b3 Bxa1 21.Rxa1 Na3 22.Nd4
Re8 23.Nc6 Nc5 24.Bxd6 Nxb3 25.Rd1 a5 26.Bc7 Nb5 27.d6 Nxc7 28.dxc7 Kf8 29.Na7
Kg7 30.Rd8 Re1+ 31.Kh2 Be6 32.Rd6 Rc1 33.Bc6 a4 34.Rxe6 a3 35.c8=Q a2 36.Re8
a1=Q 37.Rg8+ {#r} 1-0

[Event "It \"]
[Site "masterchessopen.com - Athens (Greece)"]
[Round "1"]
[White "Sharevich Anna (BLR)"]
[Black "Karahaliou Elia (GRE)"]
[Result "1-0"]
[WhiteElo "2266"]
[BlackElo "2056"]

1.d4 Nf6 2.c4 e6 3.g3 c5 4.d5 exd5 5.cxd5 d6 6.Nc3 g6 7.Nf3 Bg7 8.Bg2 O-O
9.O-O Re8 10.Bf4 Ne4 11.Nxe4 Rxe4 12.Nd2 Rb4 13.a3 Rxf4 14.gxf4 Bxb2 15.Ra2
Bg7 16.e4 Qf6 17.Qf3 Bh6 18.e5 dxe5 19.fxe5 Qxe5 20.Nc4 Qc7 21.Re1 Bf8 22.Rae2
Nd7 23.Re8 Kg7 24.Qc3+ f6 25.d6 Bxd6 26.Nxd6 Qxd6 27.R1e7+ Kh6 28.Rxh7+ Kg5
29.h4+ {#r} 1-0

[Event "Match \"]
[Site "masterchessopen.com - Athens (Greece)"]
[Round "2"]
[White "Mchedlishvili Mikheil (GEO)"]
[Black "Mastrovasilis Athanasios (GRE)"]
[Result "1-0"]
[WhiteElo "2504"]
[BlackElo "2502"]

1.d4 Nf6 2.c4 e6 3.Nc3 c5 4.d5 exd5 5.cxd5 d6 6.Nf3 g6 7.g3 Bg7 8.Bg2 O-O
9.O-O a6 10.a4 Re8 11.Bf4 Qc7 12.Rc1 Nh5 13.Bd2 Nd7 14.b4 Qb8 15.b5 axb5
16.Nxb5 Ne5 17.Qb3 Bd7 18.Nxe5 Bxe5 19.Rb1 Ra6 20.a5 Bg7 21.e4 b6 22.Na3 Qa8
23.axb6 Nf6 24.Nc4 Nxe4 25.Bxe4 Rxe4 26.Nxd6 Rd4 27.Bc3 Rd3 28.b7 Qb8 29.Ne4
Bxc3 30.Nxc5 {#r} 1-0

[Event "It (open)"]
[Site "masterchessopen.com - Batumi (Georgia)"]
[Round "5"]
[White "Matnadze Ana (GEO)"]
[Black "Odisharia Teona (GEO)"]
[Result "1-0"]
[WhiteElo "2338"]
[BlackElo "2182"]

1.d4 Nf6 2.c4 c5 3.d5 e6 4.Nc3 exd5 5.cxd5 d6 6.g3 g6 7.Nf3 Bg7 8.Bg2 O-O
9.O-O a6 10.a4 Nbd7 11.Bf4 Qc7 12.Qc1 Re8 13.Re1 Rb8 14.a5 c4 15.Nd2 Nh5
16.Be3 Ne5 17.Ra4 Bf5 18.Bb6 Qd7 19.Rb4 Qe7 20.Rf1 Rbc8 21.f4 Nd7 22.Bf2 Bxc3
23.bxc3 Nc5 24.Nxc4 Bg4 25.Re1 Bxe2 26.Bxc5 dxc5 27.d6 Qe6 28.Rxb7 Qxc4 29.d7
Red8 30.dxc8=Q Rxc8 31.Qe3 Bg4 32.Qe5 Be6 33.Reb1 Qd3 34.Rb8 Ng7 35.Rxc8+ Bxc8
36.Rb8 Qd1+ 37.Bf1 {#r} 1-0

[Event "Tournament (Elo) (a)"]
[Site "masterchessopen.com - Budapest (Hungary)"]
[Round "3"]
[White "Martin Luis Cesar (ESP)"]
[Black "Vargyas Zoltan (HUN)"]
[Result "1-0"]
[WhiteElo "2215"]
[BlackElo "2166"]

1.d4 Nf6 2.c4 e6 3.g3 c5 4.d5 exd5 5.cxd5 g6 6.Bg2 Bg7 7.Nc3 O-O 8.Nf3 d6
9.O-O Re8 10.Nd2 b6 11.Nc4 Ba6 12.Qb3 Bxc4 13.Qxc4 a6 14.a4 b5 15.Qd3 c4
16.Qc2 b4 17.Nd1 Qc7 18.Ne3 Rc8 19.Bd2 c3 20.bxc3 Nfd7 21.Rfc1 a5 22.Rab1 bxc3
23.Bxc3 Bxc3 24.Rb3 Nc5 25.Rxc3 Nba6 26.Rc4 Qd7 27.Ng4 Qe7 28.Qc3 f5 {#r} 1-0

[Event "Ch Pan-American Continental"]
[Site "masterchessopen.com - Buenos Aires (Argentina)"]
[Round "2"]
[White "Tobares Leandro (ARG)"]
[Black "Gonzalez Garcia Jose (MEX)"]
[Result "0-1"]
[WhiteElo "2260"]
[BlackElo "2447"]

1.d4 Nf6 2.Nf3 e6 3.c4 c5 4.d5 d6 5.Nc3 exd5 6.cxd5 g6 7.g3 Bg7 8.Bg2 O-O
9.O-O a6 10.a4 Nbd7 11.Bf4 Qe7 12.Re1 Rb8 13.e4 Ng4 14.Bg5 Qe8 15.Qc2 b5
16.axb5 axb5 17.Ra7 h6 18.Bf4 Nde5 19.Nxe5 Nxe5 20.Rea1 Bg4 21.h3 Bd7 22.R1a6
b4 23.Nd1 b3 24.Qb1 Bb5 25.Rxd6 Nc4 26.Bf1 Nxd6 27.Bxd6 Bxf1 28.Bxf8 Kxf8
29.Kxf1 Qb5+ 30.Kg2 Qe2 31.Qc1 Qxe4+ 32.Kh2 Qxd5 33.Ne3 Qd4 34.Rc7 Kg8 35.Ng4
h5 {#R} 0-1

[Event "It (open) \"]
[Site "masterchessopen.com - Copenhagen (Denmark)"]
[Round "7"]
[White "Nielsen Borge Hjerrild (DEN)"]
[Black "Bleis Christian Dr (GER)"]
[Result "0-1"]
[WhiteElo "2090"]
[BlackElo "2258"]

1.d4 Nf6 2.c4 c5 3.d5 e6 4.Nc3 exd5 5.cxd5 d6 6.Nf3 g6 7.g3 Bg7 8.Bg2 O-O
9.O-O a6 10.a4 Nbd7 11.a5 Rb8 12.Nd2 Nh5 13.Nc4 Ne5 14.Nb6 f5 15.Bd2 f4
16.Nxc8 Rxc8 17.Na4 Rc7 18.Bc3 Qg5 19.Ra3 Rcf7 20.Bxe5 Bxe5 21.Rf3 fxg3
22.fxg3 Bd4+ 23.e3 Bxe3+ 24.Kh1 Rxf3 25.Rxf3 Rxf3 26.Qxf3 Bd4 27.Bf1 Nf6 28.b3
Kg7 29.Nb6 Ng4 30.Nd7 Qf5 31.Qxf5 gxf5 32.Nb6 Ne3 33.Bg2 Kf6 34.Bf3 Bc3 {#R}
0-1

[Event "Extra League 2002/03"]
[Site "masterchessopen.com - Czech Republic"]
[Round "11"]
[White "Civin Tomas (CZE)"]
[Black "Suchomel Jan (CZE)"]
[Result "1-0"]
[WhiteElo "2414"]
[BlackElo "2192"]

1.d4 Nf6 2.c4 c5 3.d5 e6 4.Nc3 exd5 5.cxd5 d6 6.g3 g6 7.Bg2 Bg7 8.Nf3 O-O
9.O-O Re8 10.Nd2 b6 11.a4 Ba6 12.Nb5 Qd7 13.Nc4 Bxb5 14.axb5 Ng4 15.Nxb6 axb6
16.Rxa8 Qxb5 17.Qa4 Qxa4 18.Rxa4 f5 19.Ra8 b5 20.Bf4 Ne5 21.b4 Kf7 22.bxc5
dxc5 23.Ra5 b4 24.Rxc5 Ned7 25.Rb5 Bc3 26.Rb7 Ke7 27.e4 Kf6 28.exf5 gxf5
29.Bd6 h5 30.Bxb4 Be5 31.Re1 h4 32.Bc3 hxg3 33.hxg3 Re7 34.Rxe5 {#r} 1-0